Statistics for Top 10 Dependencies by Area

Click here to take the quiz!

General Stats

  • This quiz has been taken 17 times
  • The average score is 4 of 10

Answer Stats

AreaCountry% Correct
2,166,086 Km²Greenland
100%
9,104 Km²Puerto Rico
63%
62,045 Km²Svalbard
56%
266,000 Km²Western Sahara
50%
12,173 Km²Falkland Islands
31%
18,575 Km²New Caledonia
31%
4,167 Km²French Polynesia
25%
8,660 Km²Abkhazia
19%
176,120Km²Somaliland
19%
14,200,000 Km²Antartica
6%

Score Distribution

Percentile by Number Answered

Percent of People with Each Score

Your Score History

You have not taken this quiz